[Event "San Vicente op 8th"]
[Site "San Vicente"]
[Date "2024.03.31"]
[Round "7"]
[White "Perea Fruet, Lorenzo"]
[Black "Baskin, Robert"]
[Result "1/2-1/2"]
[WhiteElo "2310"]
[BlackElo "2461"]
[PlyCount "54"]
[EventDate "2024.03.27"]
[EventType "swiss"]
[EventRounds "9"]
[EventCountry "ESP"]
[SourceTitle "CB14_2024"]
[SourceDate "2024.04.01"]
[SourceVersion "1"]
[SourceVersionDate "2024.04.01"]
[SourceQuality "1"]

1. e4 c5 2. Nf3 d6 3. d4 cxd4 4. Nxd4 Nf6 5. Nc3 a6 6. g3 e5 7. Nb3 Be7 8. Bg5 Nbd7 9. a4 0-0 10. Be2 h6 11. Be3 b6 12. 0-0 Bb7 13. Qd3 Rc8 14. f3 Qc7 15. Rfd1 Qb8 16. Rac1 Rfd8 17. Nd5 Nxd5 18. exd5 Rf8 19. c4 a5 20. Qf5 Rcd8 21. Bd3 g6 22. Qh3 h5 23. g4 Nf6 24. g5 Nd7 25. Qg3 Bc8 26. Nd2 Nc5 27. Bc2 Rfe8 1/2-1/2

[Event "San Vicente op 8th"]
[Site "San Vicente"]
[Date "2024.03.29"]
[Round "4"]
[White "Baskin, Robert"]
[Black "Martin Duque, Jesus"]
[Result "0-1"]
[WhiteElo "2461"]
[BlackElo "2332"]
[PlyCount "122"]
[EventDate "2024.03.27"]
[EventType "swiss"]
[EventRounds "9"]
[EventCountry "ESP"]
[SourceTitle "CB14_2024"]
[SourceDate "2024.04.01"]
[SourceVersion "1"]
[SourceVersionDate "2024.04.01"]
[SourceQuality "1"]

1. e4 e5 2. Nf3 Nc6 3. Bb5 a6 4. Ba4 Nf6 5. 0-0 Be7 6. Bxc6 dxc6 7. d3 Nd7 8. Nbd2 Bd6 9. Nc4 Qe7 10. b3 f6 11. Bb2 0-0 12. Re1 c5 13. Nh4 g6 14. Qg4 Nb6 15. Nf5 Qg7 16. Nxb6 cxb6 17. Qf3 gxf5 18. exf5 Kh8 19. Qd5 Qd7 20. f4 Qc6 21. Qxc6 bxc6 22. fxe5 Bxe5 23. Bxe5 fxe5 24. Rxe5 Bxf5 25. Rae1 Bd7 26. Re7 Rae8 27. R1e4 Rxe7 28. Rxe7 Rd8 29. h3 Kg8 30. Kh2 b5 31. g4 c4 32. dxc4 bxc4 33. bxc4 Be8 34. Kg3 Bf7 35. Rc7 Rd6 36. c5 Re6 37. Kf4 Rh6 38. h4 Bxa2 39. h5 Bf7 40. Ra7 Rf6+ 41. Ke5 Kg7 42. g5 Re6+ 43. Kf5 Re2 44. h6+ Kf8 45. Rxa6 Be8 46. c4 Ke7 47. Kf4 Rg2 48. Ra8 Rg1 49. Rb8 Bg6 50. Rc8 Rf1+ 51. Ke3 Kd7 52. Rg8 Rf5 53. Rg7+ Kc8 54. Rg8+ Kb7 55. Rg7+ Ka6 56. Rc7 Rxc5 57. Kf4 Rf5+ 58. Kg4 Kb6 59. Rg7 Re5 60. Kf4 Re4+ 61. Kg3 Kc5 0-1

[Event "San Vicente op 8th"]
[Site "San Vicente"]
[Date "2024.03.28"]
[Round "3"]
[White "Sinz, Bernhard"]
[Black "Baskin, Robert"]
[Result "0-1"]
[WhiteElo "2330"]
[BlackElo "2461"]
[PlyCount "74"]
[EventDate "2024.03.27"]
[EventType "swiss"]
[EventRounds "9"]
[EventCountry "ESP"]
[SourceTitle "CB14_2024"]
[SourceDate "2024.04.01"]
[SourceVersion "1"]
[SourceVersionDate "2024.04.01"]
[SourceQuality "1"]

1. e4 c5 2. Nc3 Nc6 3. Bb5 Nd4 4. Nf3 a6 5. Bd3 g6 6. 0-0 Bg7 7. Re1 d6 8. h3 Nc6 9. a3 e6 10. Rb1 Nge7 11. b4 b5 12. bxc5 dxc5 13. e5 c4 14. Bf1 Nd5 15. Bb2 Nxc3 16. Bxc3 0-0 17. d3 cxd3 18. Bxd3 Qc7 19. h4 Bb7 20. h5 Rac8 21. Qe2 Rfd8 22. Be4 Rd7 23. Red1 Rxd1+ 24. Rxd1 Ne7 25. Bxb7 Qxb7 26. Bb4 Nd5 27. Qe4 Qc7 28. hxg6 hxg6 29. Qh4 Qxc2 30. Rxd5 exd5 31. Kh2 Qe4 32. Qe7 Qf4+ 33. Kh3 Bf8 34. Qd7 Qf5+ 35. Qxf5 gxf5 36. Nd4 Bxb4 37. axb4 Rc4 0-1

[Event "Skopje op"]
[Site "Skopje"]
[Date "2023.12.08"]
[Round "3"]
[White "Baskin, Robert"]
[Black "Tadic, Stefan"]
[Result "1-0"]
[WhiteElo "2472"]
[BlackElo "2386"]
[PlyCount "71"]
[EventDate "2023.12.06"]
[EventType "swiss"]
[EventRounds "9"]
[EventCountry "MKD"]
[SourceTitle "CB50_2023"]
[SourceDate "2023.12.13"]
[SourceVersion "1"]
[SourceVersionDate "2023.12.13"]
[SourceQuality "1"]

1. e4 e5 2. Nf3 Nc6 3. Bb5 a6 4. Ba4 d6 5. 0-0 Bd7 6. c3 g5 7. d4 g4 8. Ne1 h5 9. f4 exd4 10. cxd4 d5 11. Nd3 dxe4 12. Ne5 Nxe5 13. fxe5 Bxa4 14. Qxa4+ b5 15. Qd1 Qd7 16. Nc3 0-0-0 17. d5 b4 18. Nxe4 Qxd5 19. Nd6+ Rxd6 20. exd6 Qxd1 21. Rxd1 Bxd6 22. Be3 Ne7 23. Rac1 Kd7 24. Bf4 Re8 25. Rc4 Nf5 26. Bxd6 cxd6 27. Rxb4 Re2 28. Kf1 Rc2 29. Re1 d5 30. Rb7+ Kd6 31. Rxf7 Nd4 32. Rf2 Rc4 33. Rf4 Kc5 34. Rd1 Nc2 35. Rxc4+ dxc4 36. Ke2 1-0

[Event "Skopje op"]
[Site "Skopje"]
[Date "2023.12.07"]
[Round "2"]
[White "Djurovic, Peko"]
[Black "Baskin, Robert"]
[Result "0-1"]
[WhiteElo "2359"]
[BlackElo "2472"]
[PlyCount "90"]
[EventDate "2023.12.06"]
[EventType "swiss"]
[EventRounds "9"]
[EventCountry "MKD"]
[SourceTitle "CB50_2023"]
[SourceDate "2023.12.13"]
[SourceVersion "1"]
[SourceVersionDate "2023.12.13"]
[SourceQuality "1"]

1. e4 c5 2. Nf3 d6 3. d4 cxd4 4. Nxd4 Nf6 5. Nc3 a6 6. h3 e5 7. Nb3 Be7 8. Be3 h6 9. Qf3 Qc7 10. 0-0-0 Nbd7 11. g4 b5 12. a3 Nb6 13. Rg1 Bb7 14. h4 Rc8 15. Rd2 Nc4 16. Bxc4 bxc4 17. Na1 Nxe4 18. Nxe4 d5 19. c3 dxe4 20. Qd1 Bxh4 21. g5 Bxg5 22. Bxg5 hxg5 23. Rxg5 f6 24. Rg1 Rd8 25. Nc2 Rd3 26. Ne3 Kf7 27. Qg4 g5 28. Qf5 Qc8 29. Rxd3 exd3 30. Qg4 Qxg4 31. Rxg4 Rh2 32. Rxc4 Bf3 33. Rc7+ Kg6 34. Kd2 Rxf2+ 35. Kxd3 Rxb2 36. c4 Rb3+ 37. Kd2 g4 38. Rc8 Kg5 39. c5 Kf4 40. c6 Bxc6 41. Rxc6 Rxe3 42. Rxf6+ Ke4 43. Rxa6 g3 44. a4 g2 45. Rg6 Ra3 0-1

[Event "Qatar Masters op"]
[Site "Doha"]
[Date "2023.10.15"]
[Round "5"]
[White "Mendonca, Leon Luke"]
[Black "Baskin, Robert"]
[Result "1/2-1/2"]
[WhiteElo "2622"]
[BlackElo "2451"]
[PlyCount "110"]
[EventDate "2023.10.11"]
[EventType "swiss"]
[EventRounds "9"]
[EventCountry "QAT"]
[SourceTitle "Mega2024 Update 01"]
[Source "Chessbase"]
[SourceDate "2023.11.12"]
[SourceVersion "1"]
[SourceVersionDate "2023.11.12"]
[SourceQuality "1"]

1. e4 c5 2. Nf3 d6 3. d4 cxd4 4. Nxd4 Nf6 5. Nc3 a6 6. Bc4 e6 7. 0-0 b5 8. Bd3 e5 9. Nde2 Be7 10. Ng3 0-0 11. f4 Nc6 12. a4 b4 13. Nd5 Nxd5 14. exd5 exf4 15. Rxf4 Qb6+ 16. Kh1 Ne5 17. a5 Qc5 18. Ne4 Qc7 19. Be3 Rb8 20. Bb6 Rxb6 21. axb6 Qxb6 22. Qg1 Qxg1+ 23. Kxg1 g5 24. Rff1 b3 25. Ng3 Bd7 26. Nf5 Bxf5 27. Bxf5 bxc2 28. Rxa6 Rb8 29. Ra2 Rb5 30. Bxc2 Rxd5 31. Ra7 Kf8 32. Bxh7 Rd2 33. Rb7 d5 34. Rb5 Kg7 35. Be4 Ng4 36. Bxd5 Bf6 37. Rb4 Ne3 38. Rxf6 Kxf6 39. Bf3 g4 40. Bc6 Kg5 41. Rb3 Nc4 42. Rb5+ Kf4 43. Rb4 Ke3 44. h3 Rd1+ 45. Kh2 Kf2 46. g3 Ne5 47. hxg4 Nxc6 48. Rf4+ Ke3 49. Rxf7 Nd4 50. Kg2 Rd2+ 51. Kh3 Nf3 52. Re7+ Kf2 53. g5 Nxg5+ 54. Kg4 Rxb2 55. Kxg5 Kxg3 1/2-1/2

[Event "World-chT Rapid"]
[Site "Dusseldorf"]
[Date "2023.08.28"]
[Round "12"]
[White "Baskin, Robert"]
[Black "Praggnanandhaa, Rameshbabu"]
[Result "0-1"]
[WhiteElo "2451"]
[BlackElo "2707"]
[PlyCount "94"]
[EventDate "2023.08.26"]
[EventType "team-swiss (rapid)"]
[EventRounds "12"]
[EventCountry "GER"]
[SourceTitle "CBM 215 Extra"]
[Source "ChessBase"]
[SourceDate "2023.09.30"]
[SourceVersion "1"]
[SourceVersionDate "2023.09.30"]
[SourceQuality "1"]
[WhiteTeam "Berlin Chess Federation"]
[BlackTeam "WR Chess"]
[WhiteTeamCountry "GER"]
[BlackTeamCountry "GER"]

1. e4 e5 2. Nf3 Nc6 3. Bb5 a6 4. Ba4 d6 5. 0-0 Bd7 6. c3 g6 7. d4 Bg7 8. Bg5 Nge7 9. Re1 h6 10. Be3 0-0 11. Nbd2 Kh8 12. Bb3 b6 13. h3 f5 14. exf5 gxf5 15. dxe5 dxe5 16. Nc4 Ng6 17. Bg5 Qe8 18. Nh4 Be6 19. Nxg6+ Qxg6 20. Bh4 e4 21. f4 Bxc4 22. Bxc4 Na5 23. Bf1 Bf6 24. Bf2 Rad8 25. Qc2 b5 26. Rad1 Nc4 27. Bxc4 bxc4 28. Bd4 Rg8 29. Qf2 Kh7 30. Bxf6 Qxf6 31. Rxd8 Rxd8 32. Kh2 Qd6 33. Re2 Rd7 34. Qh4 Qg6 35. Re3 Qf7 36. Re2 Rd3 37. Qf2 Qe7 38. Qa7 e3 39. Qxa6 Qe4 40. Kg3 Rd7 41. Qf6 Rg7+ 42. Kh2 Qxf4+ 43. Kg1 Rd7 44. Re1 Qf2+ 45. Kh2 Rg7 46. Rg1 e2 47. Qe5 e1Q 0-1

[Event "World-chT Rapid"]
[Site "Dusseldorf"]
[Date "2023.08.28"]
[Round "11"]
[White "Gukesh, Dommaraju"]
[Black "Baskin, Robert"]
[Result "1-0"]
[WhiteElo "2629"]
[BlackElo "2451"]
[PlyCount "109"]
[EventDate "2023.08.26"]
[EventType "team-swiss (rapid)"]
[EventRounds "12"]
[EventCountry "GER"]
[SourceTitle "CBM 215 Extra"]
[Source "ChessBase"]
[SourceDate "2023.09.30"]
[SourceVersion "1"]
[SourceVersionDate "2023.09.30"]
[SourceQuality "1"]
[WhiteTeam "Kompetenzakademie Allstars"]
[BlackTeam "Berlin Chess Federation"]
[WhiteTeamCountry "GER"]
[BlackTeamCountry "GER"]

1. c4 c6 2. Nf3 d5 3. g3 Nf6 4. Bg2 dxc4 5. 0-0 Nbd7 6. a4 a5 7. Na3 Nb6 8. Qc2 g6 9. Nxc4 Nxc4 10. Qxc4 Bg7 11. d3 0-0 12. e4 Bg4 13. Be3 Nd7 14. d4 e5 15. d5 cxd5 16. exd5 e4 17. Qxe4 Bf5 18. Qc4 Bxb2 19. Ra2 Bg7 20. Bd4 Nb6 21. Qc1 Be4 22. Qe3 Bxd4 23. Qxe4 Bg7 24. Rd1 Qd6 25. Qb1 Qb4 26. Qd3 Nxa4 27. Rb1 Nc5 28. Qd1 Qc3 29. Rc2 Qa3 30. Nd4 Qd3 31. Rd2 Qa6 32. Nb5 Rad8 33. d6 a4 34. Bd5 Rd7 35. Rc2 b6 36. h4 Qc8 37. h5 Rdd8 38. Rc4 Qf5 39. hxg6 hxg6 40. Rf4 Qd3 41. Qxd3 Nxd3 42. Rxa4 Be5 43. Rg4 Kg7 44. Rd1 Nxf2 45. Kxf2 Bxd6 46. Kg2 Bc5 47. Rf4 f5 48. Nc7 Rf6 49. Rff1 Rc8 50. Ne6+ Rxe6 51. Bxe6 Ra8 52. g4 fxg4 53. Kg3 Re8 54. Rd7+ Kh6 55. Kxg4 1-0

[Event "World-chT Rapid"]
[Site "Dusseldorf"]
[Date "2023.08.28"]
[Round "9"]
[White "Souleidis, Georgios"]
[Black "Baskin, Robert"]
[Result "0-1"]
[WhiteElo "2419"]
[BlackElo "2451"]
[PlyCount "92"]
[EventDate "2023.08.26"]
[EventType "team-swiss (rapid)"]
[EventRounds "12"]
[EventCountry "GER"]
[SourceTitle "CBM 215 Extra"]
[Source "ChessBase"]
[SourceDate "2023.09.30"]
[SourceVersion "1"]
[SourceVersionDate "2023.09.30"]
[SourceQuality "1"]
[WhiteTeam "Team Chessemy.com"]
[BlackTeam "Berlin Chess Federation"]
[WhiteTeamCountry "GER"]
[BlackTeamCountry "GER"]

1. e4 e5 2. Nf3 Nc6 3. Nc3 Nf6 4. d4 exd4 5. Nxd4 Nxe4 6. Nxe4 Qe7 7. f3 d5 8. Bb5 Bd7 9. Bxc6 bxc6 10. 0-0 dxe4 11. fxe4 c5 12. Nf5 Qe6 13. Bg5 f6 14. Bf4 0-0-0 15. Qe2 g6 16. Ne3 Qxe4 17. Qa6+ Qb7 18. Qxf6 Rg8 19. Rad1 Bg7 20. Qf7 Bd4 21. c3 Rgf8 22. Qxh7 Rxf4 23. cxd4 Rxf1+ 24. Nxf1 cxd4 25. Qxg6 Qxb2 26. Qa6+ Kb8 27. Nd2 Bf5 28. Qf6 Rd5 29. g4 Bc2 30. Re1 Qb6 31. Re8+ Kb7 32. Qf3 d3+ 33. Kf1 c6 34. Qf4 Qd4 35. Qxd4 Rxd4 36. h3 c5 37. g5 c4 38. g6 c3 39. Ke1 Ba4 40. Re7+ Kb6 41. Re6+ Kc7 42. g7 c2 43. Nb3 Bxb3 44. Kd2 c1Q+ 45. Kxc1 d2+ 46. Kb2 d1Q 0-1

[Event "World-chT Rapid"]
[Site "Dusseldorf"]
[Date "2023.08.27"]
[Round "8.3"]
[White "Baskin, Robert"]
[Black "Karthik, Venkataraman"]
[Result "0-1"]
[WhiteElo "2451"]
[BlackElo "2562"]
[PlyCount "102"]
[EventDate "2023.08.26"]
[EventType "team-swiss (rapid)"]
[EventRounds "12"]
[EventCountry "GER"]
[SourceTitle "CBM 215 Extra"]
[Source "ChessBase"]
[SourceDate "2023.09.30"]
[SourceVersion "1"]
[SourceVersionDate "2023.09.30"]
[SourceQuality "1"]
[WhiteTeam "Berlin Chess Federation"]
[BlackTeam "Six Pack"]
[WhiteTeamCountry "GER"]
[BlackTeamCountry "IND"]

1. e4 c5 2. Nf3 d6 3. d4 cxd4 4. Nxd4 Nf6 5. Nc3 a6 6. Be3 e5 7. Nb3 Be6 8. f4 Nc6 9. f5 Bxb3 10. axb3 Be7 11. Bc4 Rc8 12. Nd5 0-0 13. Nxf6+ Bxf6 14. c3 Bg5 15. Bf2 Ne7 16. h4 Bh6 17. Bd5 Qd7 18. g4 Bf4 19. Rh3 Kh8 20. Rd3 g6 21. Qf3 Qb5 22. c4 Qd7 23. Rad1 Qc7 24. f6 Nxd5 25. Rxd5 b5 26. cxb5 axb5 27. Be3 Qa5+ 28. Kf1 Qa2 29. Bxf4 exf4 30. R5d2 Rfe8 31. Rxd6 Qxb2 32. Qxf4 Qxb3 33. R6d3 Qb2 34. g5 h5 35. Rd7 Qb3 36. R1d3 Qa2 37. Rd1 Qc4+ 38. Kf2 Rxe4 39. Qd2 Rxh4 40. Rd8+ Rxd8 41. Qxd8+ Kh7 42. Qd5 Rf4+ 43. Ke3 Qxd5 44. Rxd5 Rf5 45. Rd7 Kg8 46. Rd8+ Kh7 47. Rf8 Rxg5 48. Rxf7+ Kh6 49. Rf8 Rf5 50. Ke4 Kg5 51. f7 Kf6 0-1

[Event "Titled Tuesday intern op 02nd May Early"]
[Site "Chess.com INT"]
[Date "2023.05.02"]
[Round "5"]
[White "Baskin, Robert"]
[Black "Daneshvar, Bardiya"]
[Result "0-1"]
[WhiteElo "2451"]
[BlackElo "2540"]
[PlyCount "82"]
[EventDate "2023.05.02"]
[EventType "swiss (blitz)"]
[EventRounds "11"]
[EventCountry "USA"]
[SourceTitle "EXT 2024"]
[Source "ChessBase"]
[SourceDate "2023.10.10"]
[SourceVersion "1"]
[SourceVersionDate "2023.10.10"]
[SourceQuality "1"]

1. d4 d6 2. e4 Bd7 3. Nf3 e6 4. Bd3 Be7 5. c3 g5 6. h3 h5 7. Be3 Rh7 8. Na3 Rg7 9. Nd2 h4 10. e5 Nc6 11. Nac4 d5 12. Na3 f5 13. f4 g4 14. hxg4 fxg4 15. Nc2 Nh6 16. c4 Nb4 17. Nxb4 Bxb4 18. Qb3 a5 19. cxd5 exd5 20. Qxd5 Bf5 21. Qb5+ c6 22. Qc4 h3 23. 0-0-0 Qd5 24. gxh3 g3 25. Rhe1 Rc8 26. Kc2 b5 27. Qb3 g2 28. Bg1 Rg3 29. Re3 Rxe3 30. Bxe3 Kd7 31. Rg1 Rg8 32. Qxd5+ cxd5 33. Nf3 Rg3 34. Bxf5+ Nxf5 35. e6+ Ke7 36. Ng5 Nxe3+ 37. Kc1 Nf5 38. h4 Nxh4 39. Kd1 Bd6 40. Ke2 Bxf4 41. Kf2 Rxg5 0-1

[Event "Titled Tuesday intern op 02nd May Late"]
[Site "Chess.com INT"]
[Date "2023.05.02"]
[Round "4"]
[White "Baskin, Robert"]
[Black "Womacka, Mathias"]
[Result "1-0"]
[WhiteElo "2451"]
[BlackElo "2396"]
[PlyCount "43"]
[EventDate "2023.05.02"]
[EventType "swiss (blitz)"]
[EventRounds "11"]
[EventCountry "USA"]
[SourceTitle "EXT 2024"]
[Source "ChessBase"]
[SourceDate "2023.10.10"]
[SourceVersion "1"]
[SourceVersionDate "2023.10.10"]
[SourceQuality "1"]

1. d4 Nf6 2. c4 e6 3. Nf3 Bb4+ 4. Nc3 c5 5. a3 Bxc3+ 6. bxc3 0-0 7. Bg5 Qa5 8. Nd2 Qxc3 9. dxc5 Ne4 10. Rc1 Qa5 11. Be3 Nc6 12. g3 Nxc5 13. Bg2 b6 14. 0-0 Bb7 15. Ne4 Nxe4 16. Bxe4 Rfd8 17. c5 bxc5 18. Rxc5 Qxa3 19. Qd6 Na5 20. Bxh7+ Kxh7 21. Rh5+ Kg8 22. Qxa3 1-0

[Event "Titled Tuesday intern op 02nd May Late"]
[Site "Chess.com INT"]
[Date "2023.05.02"]
[Round "5"]
[White "Baskin, Robert"]
[Black "Yoo, Christopher Woojin"]
[Result "0-1"]
[WhiteElo "2451"]
[BlackElo "2607"]
[PlyCount "52"]
[EventDate "2023.05.02"]
[EventType "swiss (blitz)"]
[EventRounds "11"]
[EventCountry "USA"]
[SourceTitle "EXT 2024"]
[Source "ChessBase"]
[SourceDate "2023.10.10"]
[SourceVersion "1"]
[SourceVersionDate "2023.10.10"]
[SourceQuality "1"]

1. e4 c5 2. Nf3 d6 3. d4 cxd4 4. Nxd4 Nf6 5. Nc3 Nc6 6. Bg5 e6 7. Qd3 a6 8. Nxc6 bxc6 9. 0-0-0 Be7 10. Qg3 Qb6 11. Bc4 Qc5 12. Be2 Nh5 13. Bxh5 Qxg5+ 14. Qxg5 Bxg5+ 15. Kb1 Ke7 16. h4 Bf6 17. Na4 Rb8 18. Be2 Rb4 19. b3 Rxe4 20. Bf3 Rxh4 21. Rhe1 d5 22. Nb6 Bb7 23. c4 Rd4 24. Rc1 Rd2 25. Rc2 Rxc2 26. Kxc2 Bd4 0-1

[Event "Titled Tuesday intern op 02nd May Early"]
[Site "Chess.com INT"]
[Date "2023.05.02"]
[Round "2"]
[White "Nguyen, Ngoc Truong Son"]
[Black "Baskin, Robert"]
[Result "0-1"]
[WhiteElo "2645"]
[BlackElo "2451"]
[PlyCount "68"]
[EventDate "2023.05.02"]
[EventType "swiss (blitz)"]
[EventRounds "11"]
[EventCountry "USA"]
[SourceTitle "EXT 2024"]
[Source "ChessBase"]
[SourceDate "2023.10.10"]
[SourceVersion "1"]
[SourceVersionDate "2023.10.10"]
[SourceQuality "1"]

1. b3 Nf6 2. Bb2 g6 3. g3 Bg7 4. Bg2 d5 5. Nf3 c5 6. 0-0 0-0 7. c4 d4 8. e3 Nc6 9. exd4 cxd4 10. d3 Re8 11. a3 a5 12. Nbd2 Nd7 13. Ne1 e5 14. Ne4 Qc7 15. c5 Bf8 16. Rc1 f5 17. Ng5 Nxc5 18. Bd5+ Ne6 19. f4 h6 20. Ngf3 exf4 21. Nh4 Kh7 22. Neg2 fxg3 23. Nxg6 gxh2+ 24. Kh1 Bd6 25. N6h4 Ng7 26. Bxd4 Qe7 27. Bxg7 Qxg7 28. Qh5 Re5 29. Bxc6 bxc6 30. d4 Rd5 31. Ne3 Be6 32. Nexf5 Rxf5 33. Rxf5 Rg8 34. Rff1 Bd5+ 0-1

[Event "Titled Tuesday intern op 02nd May Early"]
[Site "Chess.com INT"]
[Date "2023.05.02"]
[Round "4"]
[White "Ter Sahakyan, Samvel"]
[Black "Baskin, Robert"]
[Result "1-0"]
[WhiteElo "2617"]
[BlackElo "2451"]
[PlyCount "83"]
[EventDate "2023.05.02"]
[EventType "swiss (blitz)"]
[EventRounds "11"]
[EventCountry "USA"]
[SourceTitle "EXT 2024"]
[Source "ChessBase"]
[SourceDate "2023.10.10"]
[SourceVersion "1"]
[SourceVersionDate "2023.10.10"]
[SourceQuality "1"]

1. d4 Nf6 2. Nc3 d5 3. Bf4 c5 4. e3 Bg4 5. f3 Bd7 6. g4 e6 7. a3 Nc6 8. Qd2 cxd4 9. exd4 Qb6 10. 0-0-0 Rc8 11. Na4 Qd8 12. Kb1 Na5 13. Nc5 Nc4 14. Bxc4 dxc4 15. Ne2 Bc6 16. Rhf1 Be7 17. Nc3 0-0 18. N5e4 Nd5 19. Be5 f6 20. Bg3 b5 21. Nc5 Bxc5 22. dxc5 a5 23. Bd6 Re8 24. f4 Qd7 25. g5 f5 26. Nxd5 Bxd5 27. Qxa5 Ra8 28. Qc3 Ra4 29. h4 Rea8 30. Kc1 Qb7 31. h5 b4 32. axb4 Bg2 33. Rg1 Ra1+ 34. Kd2 Qd5+ 35. Ke2 Qe4+ 36. Kf2 Rxd1 37. Rxd1 Bh3 38. Qxh3 Qxc2+ 39. Ke1 Qxb2 40. Qf3 Ra2 41. g6 Qh2 42. Kf1 1-0

[Event "Titled Tuesday intern op 02nd May Late"]
[Site "Chess.com INT"]
[Date "2023.05.02"]
[Round "6"]
[White "Toktomushev, Teimur"]
[Black "Baskin, Robert"]
[Result "1/2-1/2"]
[WhiteElo "2239"]
[BlackElo "2451"]
[PlyCount "77"]
[EventDate "2023.05.02"]
[EventType "swiss (blitz)"]
[EventRounds "11"]
[EventCountry "USA"]
[SourceTitle "EXT 2024"]
[Source "ChessBase"]
[SourceDate "2023.10.10"]
[SourceVersion "1"]
[SourceVersionDate "2023.10.10"]
[SourceQuality "1"]

1. d4 d5 2. c4 c6 3. Nc3 Nf6 4. e3 Bf5 5. cxd5 cxd5 6. Qb3 Nc6 7. Qxb7 Bd7 8. Qb3 Rb8 9. Qd1 e5 10. dxe5 Nxe5 11. Be2 Bd6 12. Nf3 0-0 13. 0-0 Qc7 14. h3 Rfc8 15. a4 Nxf3+ 16. Bxf3 Be5 17. Nb5 Bxb5 18. axb5 Rxb5 19. Qa4 Rc5 20. Bd2 Bxb2 21. Ra2 Bc3 22. Bxc3 Rxc3 23. Qxa7 Qe5 24. Rd2 Rc1 25. Rdd1 Rxd1 26. Rxd1 g6 27. Qd4 Qxd4 28. Rxd4 Rc5 29. g4 g5 30. Kg2 Kf8 31. Be2 Ke7 32. Bd3 h6 33. Ra4 Rc7 34. Bf5 Kd6 35. Ra6+ Rc6 36. Ra7 Rc7 37. Ra6+ Rc6 38. Ra7 Rc7 39. Ra6+ 1/2-1/2

[Event "Berlin-ch"]
[Site "Berlin"]
[Date "2023.04.15"]
[Round "8"]
[White "Baskin, Robert"]
[Black "Hesse, Henrik"]
[Result "1-0"]
[WhiteElo "2442"]
[BlackElo "2197"]
[PlyCount "97"]
[EventDate "2023.04.08"]
[EventType "swiss"]
[EventRounds "9"]
[EventCountry "GER"]
[SourceTitle "CBM 213 Extra"]
[Source "ChessBase"]
[SourceDate "2023.05.31"]
[SourceVersion "1"]
[SourceVersionDate "2023.05.31"]
[SourceQuality "1"]

1. e4 e5 2. Nf3 Nf6 3. Nxe5 d6 4. Nf3 Nxe4 5. d4 d5 6. Bd3 Nc6 7. 0-0 Be7 8. Nbd2 Nxd2 9. Bxd2 Bg4 10. c3 0-0 11. h3 Bh5 12. g3 Qd7 13. Kg2 Bg6 14. Bf4 Bd6 15. Bxg6 fxg6 16. Bxd6 Qxd6 17. Qd3 Rf6 18. Rae1 Raf8 19. Ne5 g5 20. Qb5 Rb8 21. Nd3 Ne7 22. Re5 Rf5 23. Rfe1 Rxe5 24. Rxe5 h6 25. Nc5 b6 26. Re6 Qd8 27. Nd7 a6 28. Qe2 Qxd7 29. Rxe7 Qd6 30. Qe5 Qxe5 31. dxe5 c5 32. Rd7 d4 33. cxd4 cxd4 34. Rxd4 Re8 35. f4 gxf4 36. gxf4 g5 37. Kf3 gxf4 38. Kxf4 Rf8+ 39. Ke3 Rf5 40. Rg4+ Kh7 41. e6 Rf1 42. Kd4 Rd1+ 43. Ke5 h5 44. Rd4 Re1+ 45. Re4 Rxe4+ 46. Kxe4 Kg6 47. Ke5 Kg7 48. Kd6 Kf8 49. Kd7 1-0

[Event "Berlin-ch"]
[Site "Berlin"]
[Date "2023.04.10"]
[Round "3"]
[White "Acikel, Mert"]
[Black "Baskin, Robert"]
[Result "0-1"]
[WhiteElo "2240"]
[BlackElo "2442"]
[PlyCount "40"]
[EventDate "2023.04.08"]
[EventType "swiss"]
[EventRounds "9"]
[EventCountry "GER"]
[SourceTitle "CBM 213 Extra"]
[Source "ChessBase"]
[SourceDate "2023.05.31"]
[SourceVersion "1"]
[SourceVersionDate "2023.05.31"]
[SourceQuality "1"]

1. e4 c5 2. Nf3 d6 3. Bb5+ Nd7 4. Ba4 Ngf6 5. 0-0 e6 6. Re1 a6 7. c4 Be7 8. d4 cxd4 9. Nxd4 Qc7 10. Qe2 0-0 11. Bc2 Ne5 12. b3 d5 13. exd5 Neg4 14. Nf3 Bc5 15. Rf1 exd5 16. Bb2 Re8 17. Qd2 Ne4 18. Qxd5 Ngxf2 19. Bxe4 Nxe4+ 20. Bd4 Bg4 0-1

[Event "BL2-Nord 2223"]
[Site "Germany"]
[Date "2023.03.19"]
[Round "10.3"]
[White "Baskin, Robert"]
[Black "Barseghyan, Armen Ar"]
[Result "1-0"]
[WhiteElo "2432"]
[BlackElo "2382"]
[PlyCount "77"]
[EventDate "2022.10.22"]
[EventType "team-tourn"]
[EventRounds "10"]
[EventCountry "GER"]
[SourceTitle "EXT 2024"]
[Source "ChessBase"]
[SourceDate "2023.10.10"]
[SourceVersion "1"]
[SourceVersionDate "2023.10.10"]
[SourceQuality "1"]
[WhiteTeam "Zehlendorf"]
[BlackTeam "Kiel Turm II"]
[WhiteTeamCountry "GER"]
[BlackTeamCountry "GER"]

1. e4 c5 2. Nf3 Nc6 3. c3 Nf6 4. e5 Nd5 5. Bc4 Nb6 6. Bb3 c4 7. Bc2 d6 8. exd6 Qxd6 9. 0-0 g6 10. Na3 Bg7 11. b3 cxb3 12. axb3 0-0 13. d4 a6 14. Nc4 Nxc4 15. bxc4 Qc7 16. Re1 b6 17. Ba3 Rd8 18. Qe2 e6 19. Be4 Rb8 20. Rab1 Na5 21. c5 b5 22. Bc1 Bb7 23. Bxb7 Rxb7 24. Ra1 b4 25. cxb4 Nb3 26. Bg5 Nxd4 27. Nxd4 Rxd4 28. Rxa6 Rdxb4 29. Ra8+ Rb8 30. Rxb8+ Qxb8 31. c6 Rb2 32. Qc4 Rb1 33. Rxb1 Qxb1+ 34. Bc1 Qb8 35. c7 Qc8 36. Bf4 e5 37. Be3 Bf8 38. Bb6 Be7 39. Qd5 1-0

[Event "Titled Tuesday intern op 10th Jan Late"]
[Site "Chess.com INT"]
[Date "2023.01.10"]
[Round "2"]
[White "Duda, Jan Krzysztof"]
[Black "Baskin, Robert"]
[Result "1/2-1/2"]
[WhiteElo "2729"]
[BlackElo "2432"]
[PlyCount "140"]
[EventDate "2023.01.10"]
[EventType "swiss (blitz)"]
[EventRounds "11"]
[EventCountry "USA"]
[SourceTitle "EXT 2024"]
[Source "ChessBase"]
[SourceDate "2023.10.10"]
[SourceVersion "1"]
[SourceVersionDate "2023.10.10"]
[SourceQuality "1"]

1. e4 Nc6 2. Nf3 d6 3. d4 Nf6 4. Bd3 g6 5. c3 Bg7 6. Bg5 e5 7. dxe5 Nxe5 8. Nxe5 dxe5 9. Qe2 0-0 10. h3 h6 11. Be3 Be6 12. 0-0 Nh5 13. Nd2 Qe7 14. Bc4 a6 15. b4 Rfd8 16. Bxe6 Qxe6 17. Qc4 Nf4 18. Qxe6 Nxe6 19. Nc4 b6 20. Rfc1 h5 21. h4 f6 22. Kf1 Bf8 23. g3 b5 24. Na5 c5 25. a3 Rac8 26. Ke2 Kf7 27. Rd1 cxb4 28. Rxd8 Nxd8 29. cxb4 Ne6 30. Rd1 Ke8 31. Rd3 Be7 32. f4 exf4 33. gxf4 f5 34. exf5 gxf5 35. Rd5 Bxh4 36. Rxf5 Bg3 37. Nb7 Bxf4 38. Rxh5 Rc2+ 39. Kd3 Ra2 40. Bb6 Bc7 41. Bxc7 Rxa3+ 42. Ke4 Nxc7 43. Rh7 Rc3 44. Ke5 Kf8 45. Nc5 Ne8 46. Nxa6 Rc6 47. Nc5 Rg6 48. Ne6+ Kg8 49. Rb7 Rh6 50. Nf4 Nd6 51. Rc7 Nc4+ 52. Kf5 Rd6 53. Rc5 Ne3+ 54. Ke4 Nc4 55. Rxb5 Rf6 56. Rc5 Nd2+ 57. Ke5 Rb6 58. Nd5 Rb8 59. b5 Nb3 60. Rc7 Rxb5 61. Ke6 Nd4+ 62. Ke5 Nf3+ 63. Kd6 Nd4 64. Nf6+ Kf8 65. Ra7 Rf5 66. Nd7+ Kg8 67. Rb7 Rb5 68. Rc7 Rb6+ 69. Nxb6 Nb5+ 70. Kd7 Nxc7 1/2-1/2